ბათუმის შოთა რუსთაველის სახელმწიფო უნივერსიტეტის ბიბლიოთეკა

XX საუკუნის 20-30-იანი წლების რეპრესიები პოლიტიკური და კულტურული მეხსიერების კონტექსში / (ბიბ.ჩანაწერი № 58451)

000 -ლიდერი
ფიქსირებული სიგრძის საკონტროლო ველი 01960nam a22002537a 4500
003 - საკონტროლო ნომრის იდენტიფიკატორი
საკონტროლო ველი Ge_BSU
005 - ბოლო ოპერაციის თარიღი და დრო
საკონტროლო ველი 20221221132859.0
008 - ფიქსირებული სიგრძის მონაცემთა ელემენტები - ზოგადი ინფორმაცია
ფიქსირებული სიგრძის საკონტროლო ველი 220215s2022ge xxu||||| |||| 00| 0 geo d
041 ## - ენის კოდი
Language code of text/sound track or separate title geo
080 ## - უნივერსალური ათობითი კლასიფიკაციის ინდექსი
Universal Decimal Classification number 94 შ-51
100 ## - მთავარი ჩანაწერი - პიროვნების სახელი
Personal name შერვაშიძე, ირინე
9 (RLIN) 13546
245 ## - ცნობა სათაურის შესახებ
Title XX საუკუნის 20-30-იანი წლების რეპრესიები პოლიტიკური და კულტურული მეხსიერების კონტექსში /
Statement of responsibility, etc ირინე შერვაშიძე, სამეცნ.ხელმძღ. თამაზ ფუტკარაძე.
264 ## - წარმოების, გამოცემის, დისტრიბუციის და სხვა ცნობები
გამოცემის, წარმოების, დისტრიბუციის... ადგილი ბათუმი,
გამოცემის, წარმოების, დისტრიბუციის... თარიღი 2022.
300 ## - ფიზიკური აღწერა
Extent 204 გვ.:
Dimensions 29 სმ.
501 ## - შენიშვნა თანმხლებ მასალაზე
With note დანართი 1 გვ:161-178 . დანართი 2 გვ:179-203.
504 ## - BIBLIOGRAPHY, ETC. NOTE
Bibliography, etc ბიბლიოგრ.გვ:153-159
653 ## - INDEX TERM--UNCONTROLLED
Uncontrolled term XX საუკუნის 20-30-იანი წლების რეპრესიები პოლიტიკური და კულტურული მეხსიერების კონტექსში
653 ## - INDEX TERM--UNCONTROLLED
Uncontrolled term ისტორია
653 ## - INDEX TERM--UNCONTROLLED
Uncontrolled term ნაშრომი წარმოდგენილია ისტორიის დოქტორის აკადემიური დოქტორის მოსაპოვებლად
700 ## - ADDED ENTRY--PERSONAL NAME
Personal name ფუტკარაძე, თამაზ
Relator term სამეცნიერო ხელმძღვანელი
9 (RLIN) 13547
710 ## - ADDED ENTRY--CORPORATE NAME
Corporate name or jurisdiction name as entry element ბათუმის შოთა რუსთაველის სახელმწიფო უნივერსიტეტი
9 (RLIN) 13548
710 ## - ADDED ENTRY--CORPORATE NAME
Corporate name or jurisdiction name as entry element ჰუმანიტარულ მეცნიერებათა ფაკულტეტი
Subordinate unit ისტორიის, არქეოლოგიისა და ეთნოლოგიის დეპარტამენტი
9 (RLIN) 13549
942 ## - ADDED ENTRY ELEMENTS (KOHA)
Source of classification or shelving scheme
Koha item type დისერტაცია
ეგზემპლარები
ჩამოწერის სტატუსი დაკარგული ეგზემპლარის სტატუსი კლასიფიკაციის წყარო ან თაროზე გაწყობის სქემა დაზიანების სტატუსი არ გაიცემა მუდმივი მდებარეობა (დაცვის ადგილი) ამჟამინდელი ადგილსამყოფელი თაროზე განთავსების ადგილი შეძენის თარიღი სრული შენახვის შიფრი შტრიხკოდი ბოლო ოპერაციის თარიღი ეგზემპლარის მიმდევრობითი ნომერი (კეტერი?) ფასის ძალაში შესვლის თარიღი ეგზემპლარის სახეობა
        არ გაიცემა ბათუმის შოთა რუსთაველის სახელმწიფო უნივერსიტეტის მთავარი ბიბლიოთეკა ბათუმის შოთა რუსთაველის სახელმწიფო უნივერსიტეტის მთავარი ბიბლიოთეკა წიგნსაცავი 2022-02-15 94 შ-51 382 დისერტაცია 2022-02-15 382 დისერტაცია 2022-02-15 დისერტაცია